LEADER 01353cam0-22004691i-450- 001 990006225070403321 005 20051021121703.0 010 $a88-14-05248-4 035 $a000622507 035 $aFED01000622507 035 $a(Aleph)000622507FED01 035 $a000622507 100 $a20000112d1995----km-y0itay50------ba 101 0 $aita 102 $aIT 105 $ay-------001yy 200 1 $a<>privatizzazioni in Italia$esaggi, leggi e documenti$fa cura di Piergaetano Marchetti 210 $aMilano$cGiuffrè$d1995 215 $aVIII, 358 p.$d24 cm 225 1 $aCollana della Rivista delle società$v19 225 1 $aMonografie e raccolte di studi$v14 610 0 $aAziende pubbliche$aPrivatizzazione$aLegislazione 676 $a346.07 676 $a346.45067 702 1$aMarchetti,$bPiergaetano 801 0$aIT$bUNINA$gRICA$2UNIMARC 901 $aBK 912 $a990006225070403321 952 $aVIII H 589 (14)$b27643*$fFGBC 952 $aSE 109.02.06-$b4726$fDECSE 952 $aXII C 27$b1088$fDDCIC 952 $a21-DB-40$b7709$fDDCP 952 $aCOLLEZ. 1525 (14)$b26030$fFSPBC 952 $aA-V-A-71$b6909dip.$fDDRC 959 $aFGBC 959 $aDECSE 959 $aDDCIC 959 $aDDCP 959 $aFSPBC 959 $aDDRC 996 $aPrivatizzazioni in Italia$9417968 997 $aUNINA LEADER 00794cam2-2200301---450 001 990006095150203316 005 20200421122020.0 035 $a000609515 035 $aUSA01000609515 035 $a(ALEPH)000609515USA01 035 $a000609515 100 $a20110420d1984----km-y0itay50------ba 101 0 $aita 102 $aIT 105 $a||||||||001yy 200 1 $a1: 1869-1887$fStrindberg 210 $aMilano$cMursia$d1984 215 $aXLVII, 623 p.$d20 cm 300 $aIn custodia 461 0$1001000153732$12001$aTutto il teatro 700 1$aSTRINDBERG,$bAugust$0126055 801 0$aIT$bsalbc$gISBD 912 $a990006095150203316 951 $aXVII A. 753 1$b5313 DLAS$cXVII A.$d00347668 959 $aBK 969 $aCAS 996 $a1: 1869-1887$91387740 997 $aUNISA